skbl

Dr Suryya Kumar Bhuyan Library Web-OPAC
ডঃ সূৰ্য্য
কুমাৰ ভূঞা পুথিভঁৰাল ৱেব-অ'পেক

All Research Scholars are advised to clear the annual library fees to continue using Library Resources, Remote Access, Plagiarism Test and Library Clearance.

Cotton University Book Fair 2026

Daya - Bhaga And Mitaksara (Record no. 55809)

MARC details
000 -LEADER
fixed length control field 00540nam a2200193Ia 4500
001 - CONTROL NUMBER
control field 55885
008 - FIXED-LENGTH DATA ELEMENTS--GENERAL INFORMATION
fixed length control field 121222n ii |||gr||||Z||||||465
082 ## - DEWEY DECIMAL CLASSIFICATION NUMBER
Classification number 346.015
245 #0 - TITLE STATEMENT
Title Daya - Bhaga And Mitaksara
Statement of responsibility, etc. K.L.Joshi edited by
Medium Textual Documents
250 ## - EDITION STATEMENT
Edition statement New Edition.
260 ## - PUBLICATION, DISTRIBUTION, ETC.
Place of publication, distribution, etc. Delhi:
Name of publisher, distributor, etc. Parimal Publications ,
Date of publication, distribution, etc. 2005.
300 ## - PHYSICAL DESCRIPTION
Extent 462pg:
Dimensions 23cm.
500 ## - GENERAL NOTE
General note Translated by H.T.Colebrooke
653 ## - INDEX TERM--UNCONTROLLED
Uncontrolled term Sanskrit
653 ## - INDEX TERM--UNCONTROLLED
Uncontrolled term Deptt- Sanskrit
653 ## - INDEX TERM--UNCONTROLLED
Uncontrolled term Major- Sanskrit
700 ## - ADDED ENTRY--PERSONAL NAME
Personal name Joshi, K.L.,
Relator term Editor.
942 ## - ADDED ENTRY ELEMENTS (KOHA)
Source of classification or shelving scheme Dewey Decimal Classification
Koha item type Books
Holdings
Withdrawn status Lost status Damaged status Not for loan Collection Home library Current library Shelving location Date acquired Source of acquisition Coded location qualifier Cost, normal purchase price Total checkouts Full call number Barcode Date last seen Copy number Price effective from Koha item type Public note
          Dr. Suryya Kumar Bhuyan Library Dr. Suryya Kumar Bhuyan Library   22/12/2012 SA 00000 600.00   346.015 Co 676 Da 1108/Sans 14/01/2024 2 22/12/2012 Books SA
          Dr. Suryya Kumar Bhuyan Library Dr. Suryya Kumar Bhuyan Library   22/12/2012 SA 00000 600.00   346.015 Co 676 Da 1106/Sans 14/01/2024 1 22/12/2012 Books SA
          Dr. Suryya Kumar Bhuyan Library Dr. Suryya Kumar Bhuyan Library   22/12/2012 SA 00000 600.00   346.015 Co 676 Da 1107/Sans 14/01/2024 3 22/12/2012 Books SA

Designed and Maintained by Team SKBL
©1901-2026

Powered by Koha